| 000 | 01030nam a22002177a 4500 | ||
|---|---|---|---|
| 005 | 20230704074018.0 | ||
| 008 | 230704b ||||| |||| 00| 0 eng d | ||
| 020 | _a 9780323609128 | ||
| 040 |
_aCO-BoUCM _cDavid Moreno _dDavid Moreno |
||
| 041 | _aeng | ||
| 060 | _aWT 166 | ||
| 100 | 1 |
_aAvers, Dale _9178033 |
|
| 245 | 1 | 0 |
_aGuccione's geriatric physical therapy/ _c Dale Avers, PT, DPT, PhD, FAPTA, Professor, Department of Physical Therapy Education, College of Health Professions, SUNY Upstate Medical University, Syracuse, New York, Rita A. Wong, PT, EdD, FAPTA, Professor, Associate Provost, Research and Graduate Education, Marymount University, Arlington, Virginia. |
| 250 | _aCuarta edición | ||
| 260 |
_aSt. Louis, Missouri _b Elsevier, Inc, _c[2020] |
||
| 300 |
_axi, 718 Paginas _bilustraciones |
||
| 504 | _aIncluye referencias bibliográficas e índices | ||
| 650 | 0 |
_aFisioterapia para ancianos _989603 |
|
| 700 | 1 |
_a Wong, Rita A. _d1949- _9178034 |
|
| 942 |
_2NLM _a26 _cLIBRO _e4 _hWT 166 _mA953g _n0 |
||
| 999 |
_c322799 _d322799 |
||